University Home | Library Home | Institutional Repository

Immune and glial gegulation of pain/ (Record no. 47833)

MARC details
000 -LEADER
fixed length control field 00869cam a2200253 4500
008 - FIXED-LENGTH DATA ELEMENTS--GENERAL INFORMATION
fixed length control field 090520n 000 0 eng u
020 ## - INTERNATIONAL STANDARD BOOK NUMBER
International Standard Book Number 0931092671
035 ## - SYSTEM CONTROL NUMBER
System control number (Sirsi) a165330
050 ## - LIBRARY OF CONGRESS CALL NUMBER
Classification number RB 127.146 IMM 2007
245 ## - TITLE STATEMENT
Title Immune and glial gegulation of pain/
Statement of responsibility, etc. edited by Joyce A. Deleo, Linda S. Sorkin and Linda R. Watkins.
260 ## - PUBLICATION, DISTRIBUTION, ETC.
Place of publication, distribution, etc. Seattle,USA:
Name of publisher, distributor, etc. IASP Press,
Date of publication, distribution, etc. 2007.
300 ## - PHYSICAL DESCRIPTION
Extent xii, 443p.:
Other physical details ill.
500 ## - GENERAL NOTE
General note Includes CD-ROM
504 ## - BIBLIOGRAPHY, ETC. NOTE
Bibliography, etc. note Includes bibliographical references.
650 ## - SUBJECT ADDED ENTRY--TOPICAL TERM
Topical term or geographic name entry element Pain-Metabolism.
650 ## - SUBJECT ADDED ENTRY--TOPICAL TERM
Topical term or geographic name entry element Analgesic-Therapeautic use.
650 ## - SUBJECT ADDED ENTRY--TOPICAL TERM
Topical term or geographic name entry element Chronic Disease - Drug - Therapy.
650 ## - SUBJECT ADDED ENTRY--TOPICAL TERM
Topical term or geographic name entry element Glial Cell Line-Derived Neurotrophic Factors-Physiology.
650 ## - SUBJECT ADDED ENTRY--TOPICAL TERM
Topical term or geographic name entry element Pain-Drug Therapy.
650 ## - SUBJECT ADDED ENTRY--TOPICAL TERM
Topical term or geographic name entry element Peripheral Nerves-Metabolism.
700 ## - ADDED ENTRY--PERSONAL NAME
Personal name Deleo, Joyce A.
700 ## - ADDED ENTRY--PERSONAL NAME
Personal name Sorkin, Linda S.
700 ## - ADDED ENTRY--PERSONAL NAME
Personal name Watkins, Linda R.

No items available.

© 2026 - The University of Zambia Library - Koha v25.11